Sharpe's Commanders Quiz Stats

 Plays Quiz not verified by Sporcle

Also try: Disney Authors
Challenge
Share
Tweet
Embed
Score 0/13 Timer 06:00
0 Plays Today
Rank and Outfit Commander % Correct
Lieutenant Colonel, 33rd Foot (Later General and Field Marshall)Lord Arthur Wellesley, 1st Duke of Wellington
89.7%
Lietuenant Colonel, South EssexSir Henry Simmerson
75.9%
Lieutenant Colonel, South EssexLieutenant Colonel William Lawford
70.7%
Lieutenant Colonel, South EssexLieutenant Colonel Thomas Leroy
56.9%
Captain, 33rd FootCaptain Charles Morris
44.8%
Major, 95th RiflesMajor Warren Dunnet
43.1%
Lieutenant Colonel, South EssexLieutenant Colonel Bartholomew Girdwood
39.7%
General, British ArmyGeneral Nairn
31%
Colonel, East India Company MilitiaColonel Hector McCandless
29.3%
Major-General, I Allied CorpsWilliam, Prince of Orange
29.3%
Lieutenant Colonel, South EssexLieutenant Colonel Brian Windham
22.4%
Post-Captain, Royal NavyCaptain Horace Bampfylde
8.6%
Lieutenant Colonel, South EssexLieutenant Colonel Joseph Ford
1.7%

You're not logged in!

Compare scores with friends on all Sporcle quizzes.
Join for Free
OR
Log In

You Might Also Like...

Show Comments

Extras

Top Quizzes Today


Score Distribution

Your Account Isn't Verified!

In order to create a playlist on Sporcle, you need to verify the email address you used during registration. Go to your Sporcle Settings to finish the process.

Report this User

Report this user for behavior that violates our Community Guidelines.

Details: